000
00229nam a2200097Ia 4500
008
230915s9999 xx 000 0 und d
050
_a
PR4353.M85 1988
100
_a
PAUL MULDOON
245
4
_a
THE ESSENTIAL BYRON
942
_c
BK
999
_c
178864
_d
178864